Stargazers' almanac 2012 (Record no. 18341)

MARC details
000 -LEADER
fixed length control field 00565nam a2200193Ia 4500
003 - CONTROL NUMBER IDENTIFIER
control field IN-BaIIA
008 - FIXED-LENGTH DATA ELEMENTS--GENERAL INFORMATION
fixed length control field 211028s9999 xx 000 0 eng d
020 ## - INTERNATIONAL STANDARD BOOK NUMBER
International Standard Book Number 978-0-86315-817-9
040 ## - CATALOGING SOURCE
Transcribing agency IIA Library
080 ## - UNIVERSAL DECIMAL CLASSIFICATION NUMBER
Universal Decimal Classification number 059:524.3
Item number MIZ
100 ## - MAIN ENTRY--PERSONAL NAME
Personal name Mizon, Bob
9 (RLIN) 35149
245 #0 - TITLE STATEMENT
Title Stargazers' almanac 2012
Remainder of title monthly guide to the stars and planets
Statement of responsibility, etc. Bob Mizon
260 ## - PUBLICATION, DISTRIBUTION, ETC.
Place of publication, distribution, etc. Edinburgh
Name of publisher, distributor, etc. Floris books
Date of publication, distribution, etc. 2011
300 ## - PHYSICAL DESCRIPTION
Extent [various pagings.]
650 ## - SUBJECT ADDED ENTRY--TOPICAL TERM
Topical term or geographic name entry element Astronomy-Almanac
9 (RLIN) 35150
650 ## - SUBJECT ADDED ENTRY--TOPICAL TERM
Topical term or geographic name entry element Planets-Almanac
9 (RLIN) 35151
650 ## - SUBJECT ADDED ENTRY--TOPICAL TERM
Topical term or geographic name entry element Stars-Almanac
9 (RLIN) 35152
942 ## - ADDED ENTRY ELEMENTS (KOHA)
Koha item type Books
Holdings
Withdrawn status Lost status Damaged status Not for loan Home library Current library Shelving location Date acquired Source of acquisition Cost, normal purchase price Total Checkouts Full call number Barcode Date last seen Cost, replacement price Price effective from Koha item type Purchase Price
        IIA Library-Bangalore IIA Library-Bangalore General Stacks 28/08/2012 BBI 1287.46   059:524.3/ MIZ 19263 05/11/2021 1287.46 28/08/2012 Books Rs. 1287.46

Powered by Koha